书目信息 |
| 题名: |
英语教育心理学
|
|
| 作者: | 章兼中 , 俞红珍 著 | |
| 分册: | ||
| 出版信息: | 北京 警官教育出版社 1998 |
|
| 页数: | 216页 | |
| 开本: | 20cm | |
| 丛书名: | 教育心理学丛书 | |
| 单 册: | ||
| 中图分类: | G447 , B84 | |
| 科图分类: | ||
| 主题词: | 英语--外语教学--教学心理学 , 心理学 | |
| 电子资源: | ||
| ISBN: | 7-81027-975-0 | |
| 000 | 00737nam2 2200265 450 | |
| 001 | 1537101445 | |
| 005 | 20150126101956.10 | |
| 010 | @a7-81027-975-0@dCNY9.50 | |
| 100 | @a19990326d1998 em y0chiy0110 ea | |
| 101 | 0 | @achi@aeng |
| 102 | @aCN@b110000 | |
| 105 | @ay z 000yy | |
| 200 | 1 | @a英语教育心理学@9ying yu jiao yu xin li xue@f章兼中,俞红珍著 |
| 210 | @a北京@c警官教育出版社@d1998 | |
| 215 | @a216页@d20cm | |
| 225 | 2 | @a教育心理学丛书 |
| 461 | 0 | @12001 @a教育心理学丛书 |
| 606 | 0 | @a英语@x外语教学@x教学心理学 |
| 606 | 0 | @a心理学 |
| 690 | @aG447@v5 | |
| 690 | @aB84@v4 | |
| 701 | 0 | @a章兼中@9zhang jian zhong@4著 |
| 701 | 0 | @a俞红珍@9yu hong zhen@4著 |
| 801 | 0 | @aCN@bTSSF@c20150126 |
| 905 | @aZUCC@dB84@eJY449 | |
| 英语教育心理学/章兼中,俞红珍著.-北京:警官教育出版社,1998 |
| 216页;20cm.-(教育心理学丛书) |
| ISBN 7-81027-975-0:CNY9.50 |
| ● |
| 相关链接 |
|
|
|
|
正题名:英语教育心理学
索取号:B84/JY449
 
预约/预借
| 序号 | 登录号 | 条形码 | 馆藏地/架位号 | 状态 | 备注 |
| 1 | 7845855 | 278458553 | 学院路分馆/ [索取号:B84/JY449] | 在馆 | |
| 2 | 7845856 | 278458562 | 学院路分馆/ [索取号:B84/JY449] | 在馆 |